• 首页
  • 本馆介绍
  • 公告通知
  • 最新文献
  • 馆藏检索
  • 电子资源
  • 读者导购
  • 参考咨询
  • 我的图书馆
  • 登录
  • 详细信息显示
  • 放入我的书架
  • 预约/预借图书
  • 作者相关作品
  • 分类相关作品
  • 丛书相关作品
  • 出版社相关作品

书目信息

  • 表格格式
  • 工作单格式
  • 卡片格式
题名:
燃料电池-高效环境友好的发电方式
    
 
作者: 衣宝廉 著
分册:  
出版信息: 北京   化学工业出版社  2000
页数: 138
开本: 20cm
丛书名: 高新技术科普丛书
单 册:
中图分类: TM911.4
科图分类:
主题词: 化学电源 , 电池 , 燃料电池
电子资源:
ISBN: 7-5025-3003-7
000 00683nam0 2200229 450
001 0754114953
005 20070929150154.95
010    @a7-5025-3003-7
100    @a20070929d km y0chiy0120 ea
101 0  @achi
200 1  @a燃料电池-高效环境友好的发电方式@Aran liao dian chi-gao xiao huan jing you hao de fa dian fang shi@f衣宝廉 著@Fyi bao lian zhu
210    @a北京@c化学工业出版社@d2000
215    @a138@c插图@d20cm
225 2  @a高新技术科普丛书
410  0 @12001 @a高新技术科普丛书
606 0  @a化学电源
606 0  @a电池
606 0  @a燃料电池
690    @aTM911.4@v3
701  0 @a衣宝廉@Ayi bao lian@4著
801  0 @aCN@bPFT@c20070929
905    @a213230@dTM911.4@eh1@f1
    
    燃料电池-高效环境友好的发电方式/衣宝廉 著.-北京:化学工业出版社,2000
    138:插图;20cm.-(高新技术科普丛书)
    
    
    ISBN 7-5025-3003-7:
    
●
相关链接 在E读中查询图书 在五车中查询图书 在当当中查询图书 在豆瓣中查询图书


正题名:燃料电池-高效环境友好的发电方式     索取号:TM911.4/h1         预约/预借

序号 登录号 条形码 馆藏地/架位号 状态 备注
1 6001559   260015593   密集书库-化学系/ [索取号:TM911.4/h1] 在馆    
唐山师范学院图书馆 欢迎您!
大连网信软件有限公司© 版权所有